000 00722nam a2200229Ia 4500
001 8797
003 GE_BSU
008 181216s||||||||xx |||||||||||||| ||und||
040 _cGE_BSU
080 _a821.353.1–32
100 _aკაკუშაძე,ნოე
245 _aწიგნის სასახლე
245 _bმოთხრობები
245 _cრედ.ნ.ლორთქიფანიძე,მხატვ. კ.ფაჩულია
260 _aთბილისი
260 _bნაკადული
260 _c1974
300 _a295გვ.22სმ.
653 _aმოთხრობები
653 _aწიგნის სასახლე
942 _cBK
999 _c42106
_d42106